Complete the film title (Scarlett Johansson) - Statistics

General Stats
  • This quiz has been taken 91 times
    29 since last reset
  • The average score is 14 of 20
Answer Stats
Film Title % Correct
JoJo {Rabbit}
92%
Fly Me To The {Moon}
88%
He's Just Not That Into {You}
88%
Girl With a Pearl {Earring}
81%
Lost in {Translation}
81%
Marriage {Story}
81%
The Other Boleyn {Girl}
81%
Hail, {Caesar}!
77%
Black {Widow}
73%
Vicky Cristina {Barcelona}
69%
We Bought a {Zoo}
69%
Asteroid {City}
65%
The Horse {Whisperer}
65%
Match {Point}
58%
Ghost in the {Shell}
54%
Jurassic World {Rebirth}
50%
The Black {Dahlia}
50%
Under the {Skin}
50%
Eight Legged {Freaks}
46%
Ghost {World}
46%
No matching quizzes found
Score Distribution
Percent of People with Each Score
Percentile by Number Answered
Your Score History
You have not taken this quiz since the last reset